WWF Superstars (1989 Arcade Game) Roster Quiz - Statistics

General Stats
  • This quiz has been taken 50 times
  • The average score is 7 of 8
Answer Stats
Status Wrestler % Correct
Playable Hulk Hogan
100%
Playable Ultimate Warrior, The
97%
Playable "Macho Man" Randy Savage
95%
Boss Andre the Giant
87%
Boss "The Million Dollar Man" Ted Dibiase
87%
Playable Big Boss Man, The
72%
Playable "Hacksaw" Jim Duggan
64%
Playable Honky Tonk Man, The
56%
No matching quizzes found
Score Distribution
Percent of People with Each Score
Percentile by Number Answered
Your Score History
You have not taken this quiz